00550 2200205 4500001002100000005001500021035002000036007000300056008004100059020002000100082001000120084001600130100002200146245004000168250001100208260004600219300004500265700001800310990001600328INLIS00000000000044920201217074711 a0010-1220000036ta201217 0 ind  a978-602-18651-5 a910.3 a910.3 RAT k0 aRatna Rima Melati1 aKamus Geografi /cRatna Rima Melati acet. 2 aSurakarta :bAksarra Sinergi Media,c2017 aviii x 392 hlm :bilus. ;c14,5 x 21 cm.0 aEko Sujatmiko a00000009321